The Journal of business

Guardado en:
Detalles Bibliográficos
Formato: Seriadas
Lenguaje:inglés
Publicado: Chicago University of Chicago Press
Materias:
Etiquetas: Agregar Etiqueta
Sin Etiquetas, Sea el primero en etiquetar este registro!

MARC

LEADER 00000nas1a22000001 4500
001 s120516
005 20250717101253.3
022 |a 0021-9398 
022 |a 1537-5374 
041 0 |a eng 
044 |a US 
245 1 0 |a The Journal of business 
264 1 |a Chicago  |b University of Chicago Press 
610 2 0 |a obchod 
610 2 0 |a podnikanie